| 000 | 00455nam a2200193Ia 4500 | ||
|---|---|---|---|
| 008 | 170918s9999 xx 000 0 und d | ||
| 020 | _a9780590465656 | ||
| 050 | _bF853 1980 | ||
| 100 | _aFreedman, Russell | ||
| 245 | _aImmigrant kids / | ||
| 245 | _cby Russell Freedman. | ||
| 260 | _aNew York : | ||
| 260 | _bScholastic, | ||
| 260 | _c1980 | ||
| 300 | _a72 pages : | ||
| 300 | _bcolored illustration ; | ||
| 300 | _c25cm. | ||
| 500 | _a1050 | ||
| 999 |
_c343137 _d343137 |
||